Представление документа в формате RUSMARC

ПолеНазваниеЗначение
  Тип записи a
  Библиографический уровень a
001 Контрольный номер RU/CBS_UL/BASE/693391691
005 Дата корректировки 20250124010520.2
100 Данные общей обработки __
a Данные общей обработки 20211221d2021 ||| 0rusy0189 ca
101 Язык документа 0_
a Язык текста rus
102 Страна публикации __
a Страна публикации RU
105 Кодированные данные (монография) __
a Кодированные данные (монография) y###||||000|y
181 Поле кодированных данных: вид содержания _1
a Код вида содержания (ISBD) i#
b Код характеристики содержания (ISBD) #xxe##
d i
g x
h x
i e
2 Код системы (источник кода, отличный от ISBD) isbdcontent
182 Поле кодированных данных: тип средства _1
a Код типа средства (ISBD) n
2 Код системы (источник кода, отличный от ISBD) isbdmedia
200 Заглавие и сведения об ответственности 1_
a Заглавие В сиятельном присутствии Достоевского
b Общее обозначение материала Текст
e Сведения, относящиеся к заглавию [подвели итоги "Большой книги" - 2021]
f Первые сведения об ответственности Ю. Могулевцева
w Текст (визуальный) : непосредственный
203 Вид содержания и тип средства __
a Вид содержания Текст
b Характеристика содержания визуальный
c Тип средства непосредственный
333 Примечание о целевом назначении __
a Примечание о целевом назначении 12+
461 Уровень набора _0
1 2000
a Литературная газета
463 Уровень физической единицы _0
1 001RU/CBS_UL/BASE/693391292
1 2000
a № 50 (15-21 дек.)
v С. 10
1 210
d 2021
600 Персоналии _0
a Персоналии (Фамилия) Абгарян
b Персоналии (Имя, инициалы) Н.
600 Персоналии _0
a Персоналии (Фамилия) Юзефович
b Персоналии (Имя, инициалы) Л.
600 Персоналии _0
a Персоналии (Фамилия) Кучерская
b Персоналии (Имя, инициалы) М.
600 Персоналии _0
a Персоналии (Фамилия) Ремизов
b Персоналии (Имя, инициалы) В.
606 Тематические рубрики 0_
a Основная рубрика "Большая книга", российская национальная литературная премия (2021)
610 Ключевые слова 0_
a Ключевые слова Большая книга (литературные премии)
610 Ключевые слова 0_
a Ключевые слова литературоведение
610 Ключевые слова 0_
a Ключевые слова литературные премии
610 Ключевые слова 0_
a Ключевые слова лауреаты
610 Ключевые слова 0_
a Ключевые слова победители
686 Индексы других классификаций __
a Классификационный индекс 83.3(2Рос=Рус)6
2 Код системы rubbk
700 Автор _1
a Фамилия Могулевцева
b Имя (инициалы) Ю.
801 Источник записи _0
a Страна RU
b Организация МБУК ЦБС г. Ульяновска
c Дата составления 20211221
g Правила каталогизации RCR
801 Источник записи _1
a Страна RU
b Организация МБУК ЦБС г. Ульяновска
c Дата составления 20211221
g Правила каталогизации RCR
901 Тип документа __
t Тип документа f
w Контрольный № источника RU/CBS_UL/BASE/693391292
910 Корректоры записи __
a Корректор записи Ильина
938 Служебная информация __
a Имя БД period